Central Library OPAC University of Rajshahi

Psychology and morals : (Record no. 30696)

MARC details
000 -LEADER
fixed length control field 00897cam a22003011 4500
001 - CONTROL NUMBER
control field 30696
003 - CONTROL NUMBER IDENTIFIER
rucl marc code BD-RjUL
005 - DATE AND TIME OF LATEST TRANSACTION
control field 20211209051613.0
008 - FIXED-LENGTH DATA ELEMENTS--GENERAL INFORMATION
fixed length control field 140410s19551949U 001 0 eng
035 ## - SYSTEM CONTROL NUMBER
System control number (BD-RjUL)
System control number (OCoLC)2989078
040 ## - CATALOGING SOURCE
Original cataloging agency DLC
Transcribing agency PCvA
Modifying agency FTaSU
-- DLC
Language of cataloging eng
041 ## - LANGUAGE CODE
Language code of text/sound track or separate title eng
082 ## - DEWEY DECIMAL CLASSIFICATION NUMBER
Classification number 179
Author mark and year HAP 1955
100 1# - MAIN ENTRY--PERSONAL NAME
Personal name Hadfield, J. A.
Fuller form of name (James Arthur),
Dates associated with a name 1882-1967.
9 (RLIN) 3881
245 10 - TITLE STATEMENT
Title Psychology and morals :
Remainder of title an analysis of character /
Statement of responsibility, etc. J. A. Hadfield
250 ## - EDITION STATEMENT
Edition statement 15th ed.
260 ## - PUBLICATION, DISTRIBUTION, ETC. (IMPRINT)
Place of publication, distribution, etc. London :
Name of publisher, distributor, etc. Methuen,
Date of publication, distribution, etc. c1949 [reprinting 1955]
300 ## - PHYSICAL DESCRIPTION
Pagination vii, 219 p. ;
Size 19 cm.
504 ## - BIBLIOGRAPHY, ETC. NOTE
Bibliography, etc includes index
650 #0 - SUBJECT ADDED ENTRY--TOPICAL TERM
Topical term or geographic name as entry element Psychology, Pathological.
9 (RLIN) 93249
Topical term or geographic name as entry element Psychoanalysis.
9 (RLIN) 93250
Topical term or geographic name as entry element Mental healing.
9 (RLIN) 85849
942 ## - ADDED ENTRY ELEMENTS (KOHA)
Source of classification or shelving scheme Dewey Decimal Classification
Koha item type Books
Holdings
Lost status Source of classification or shelving scheme Damaged status Not for loan Collection code Permanent Location Current Location Shelving location Date acquired Source of acquisition Cost, normal purchase price Total Checkouts Full call number Date last seen Copy number Koha item type
  Dewey Decimal Classification     Non-fiction Central Library, University of Rajshahi Central Library, University of Rajshahi   04/08/1956 B. H. Bluckwell 0.10   179 HAP 1955 10/04/2014 C-2 Books
  Dewey Decimal Classification     Non-fiction Central Library, University of Rajshahi Central Library, University of Rajshahi   04/08/1956 B. H. Bluckwell 0.10   179 HAP 1955 10/04/2014 C-1 Books